Janapatha Ankana barahagalu: (Record no. 214979)
[ view plain ]
| 000 -LEADER | |
|---|---|
| fixed length control field | 00632nam a2200217Ia 4500 |
| 003 - CONTROL NUMBER IDENTIFIER | |
| control field | OSt |
| 005 - DATE AND TIME OF LATEST TRANSACTION | |
| control field | 20240813142345.0 |
| 008 - FIXED-LENGTH DATA ELEMENTS--GENERAL INFORMATION | |
| fixed length control field | 210719s2007 xx 000 0 und d |
| 040 ## - CATALOGING SOURCE | |
| Transcribing agency | AL |
| 041 ## - LANGUAGE CODE | |
| Language code of text/sound track or separate title | kan |
| 082 ## - DEWEY DECIMAL CLASSIFICATION NUMBER | |
| Classification number | K894.4 VYAJ |
| 100 ## - MAIN ENTRY--PERSONAL NAME | |
| Personal name | VYASA (M): ವ್ಯಾಸ (ಎಂ) |
| 9 (RLIN) | 177034 |
| 245 ## - TITLE STATEMENT | |
| Title | Janapatha Ankana barahagalu: |
| Remainder of title | ಜನಪಥ ಅಂಕಣ ಬರಹಗಳು |
| 260 ## - PUBLICATION, DISTRIBUTION, ETC. | |
| Place of publication, distribution, etc. | Udupi |
| Name of publisher, distributor, etc. | Svagata Samiti,Sahitya Sammelana |
| Date of publication, distribution, etc. | 2007 |
| 300 ## - PHYSICAL DESCRIPTION | |
| Extent | 130 |
| Other physical details | PB |
| 365 ## - TRADE PRICE | |
| Price amount | 60 |
| Currency code | Rs |
| 650 ## - SUBJECT ADDED ENTRY--TOPICAL TERM | |
| Topical term or geographic name entry element | Kannada Prose |
| 9 (RLIN) | 177035 |
| 650 ## - SUBJECT ADDED ENTRY--TOPICAL TERM | |
| Topical term or geographic name entry element | Kannada Prose |
| 9 (RLIN) | 177035 |
| 906 ## - LOCAL DATA ELEMENT F, LDF (RLIN) | |
| a | Ankana ; barahagalu ; Janapatha |
| 942 ## - ADDED ENTRY ELEMENTS (KOHA) | |
| Source of classification or shelving scheme | Dewey Decimal Classification |
| Koha item type | Book |
| Withdrawn status | Lost status | Damaged status | Not for loan | Collection code | Home library | Current library | Date acquired | Source of acquisition | Cost, normal purchase price | Total Checkouts | Full call number | Barcode | Date last seen | Price effective from | Koha item type |
|---|---|---|---|---|---|---|---|---|---|---|---|---|---|---|---|
| St Aloysius Library | St Aloysius Library | 04/22/2009 | General Annual | 60.00 | K894.4 VYAJ | D03595 | 07/19/2021 | 07/19/2021 | Donated Books |